000 00749nam a2200265Ia 4500
003 OSt
005 20220928101744.0
006 a|||||r|||| 00| 0
007 ta
008 220927b |||||||| |||| 00| 0 eng d
024 _a23766
037 _cTextual
040 _aSDCL
_cSDCL
_beng
041 _2eng
_aeng
082 _aX:9582:(Z2), P8
100 _aPuri S D
_9394830
245 0 _aEmployee's Provident Finds and miscellaneous provisions act,1952
250 _a5
260 _aMumbai
_bSnow White Publications
_c2008
300 _a1233p
_ccm.
650 _aProvident Funds Act
_9394831
700 _a Puri Sundeep
_9394832
942 _hX:9582:(Z2), P8
_cTEXL
_2CC
999 _c710435
_d710435